|
|
|
|
| LEADER |
00577cam a2200157 7i4500 |
| 001 |
0000030511 |
| 005 |
20131206090000.0 |
| 020 |
0 |
0 |
|a 9789211128680
|
| 090 |
0 |
0 |
|a I 338.9
|b UNI
|
| 110 |
2 |
0 |
|a United Nations Conference on Trade and Development (UNCTAD)
|
| 245 |
2 |
0 |
|a World investment report 2013 :
|b global value chains : investment and trade for development.
|
| 260 |
0 |
0 |
|a New York:
|b United Nations,
|c 2013.
|
| 300 |
# |
# |
|a 236 p.
|
| 650 |
0 |
0 |
|a Economic development
|
| 650 |
0 |
0 |
|a Developing countries --
|x Economic conditions
|
| 999 |
|
|
|a 0000033300
|b Book
|c International
|e Business Information Centre
|